Làm thế nào để bạn trẻ ra 10 tuổi?
Sách cung cấp những 10 nguyên tắc chống suy lão của phụ nữ như tập luyện thể thao, giảm căng thẳng, cách ăn uống cho xương trẻ hóa, cách phòng bệnh suy lão cho da, tóc răng, cách giữ cho tim khoẻ mạnh.
Gardado en:
| Formato: | Libro |
|---|---|
| Idioma: | Undetermined |
| Publicado: |
Hà Nội
Phụ nữ
2006
|
| Những chủ đề: | |
| Các nhãn: |
Engadir etiqueta
Sen Etiquetas, Sexa o primeiro en etiquetar este rexistro!
|
| Thư viện lưu trữ: | Trung tâm Học liệu Trường Đại học Cần Thơ |
|---|
| LEADER | 00875nam a2200205Ia 4500 | ||
|---|---|---|---|
| 001 | CTU_112938 | ||
| 008 | 210402s9999 xx 000 0 und d | ||
| 020 | |c 25000 | ||
| 082 | |a 613.2 | ||
| 082 | |b L104 | ||
| 245 | 0 | |a Làm thế nào để bạn trẻ ra 10 tuổi? | |
| 245 | 0 | |c Nguyễn Khắc Khoái | |
| 260 | |a Hà Nội | ||
| 260 | |b Phụ nữ | ||
| 260 | |c 2006 | ||
| 520 | |a Sách cung cấp những 10 nguyên tắc chống suy lão của phụ nữ như tập luyện thể thao, giảm căng thẳng, cách ăn uống cho xương trẻ hóa, cách phòng bệnh suy lão cho da, tóc răng, cách giữ cho tim khoẻ mạnh. | ||
| 650 | |a Health education,Nutrition - diet-kitchens,Diet-kitchens | ||
| 650 | |x Dietetics | ||
| 904 | |i Minh | ||
| 980 | |a Trung tâm Học liệu Trường Đại học Cần Thơ | ||